1670 1715 1317 1354 1057 1253 1689 1653 1466 1542 1571 1313 1793 1066 1372 1420 1131 1912 1235 1514 1352 1533 1318 1262 1631 1536 1193 1275 1846 1959 1667 1260 1513 1247 1437 1041 1528 1830 1760 1629 1895 1592 1013 1073 1209 1076 1410 1675 1508 1671 1683 1735 1286 1055 1657 1435 1849 1640 1895 1722 1745 1980 1135 1077 1576 1589 1461 1469 1889 1793 1209 1096 1255 1921 1449 1253 1441 1348 1888 1219 1174 1723 1131 1382 1717 1565 1402 1985 1397 1807 1548 1039 1292 1565 1814 1644 1592 1623 1559 BCNSPRNW ULIB Ver.6.0+V

เปลี่ยนเป็นภาษาไทย

Change to English
 แสดงรายละเอียดบรรณานุกรม
  กลับหน้าหลัก

Brief Record : Get Marc (ISO 2709) : E-mail record : QR code < ปิดหน้าต่าง
LEADER : 00000nam 2200000uu 4500
001    13399121856
003     ULIB
008    121212s2551||||th 000 0 tha d
020    ^a9789749773260(ล.38)
060 04 ^aWO100^bจ225ศ ล.38
245 00 ^aศัลยศาสตร์วิวัฒน์ 38 :^bBasic science in surgery volume 1 /^cคณะบรรณาธิการ, พรชัย โอเจริญรัตน์ ... [และคนอื่นๆ]
246 31 ^aBasic science in surgery volume 1
250    ^aพิมพ์ครั้งที่ 1
260    ^aกรุงเทพฯ :^bกรุงเทพเวชสาร,^c2551
300    ^a828 หน้า :^bภาพประกอบ ;^c22 ซม.
650  7 ^aศัลยศาสตร์
653    ^aผลงานอาจารย์คณะแพทยศาสตร์ศิริราชพยาบาล
700 0  ^aพรชัย โอเจริญรัตน์,^eบรรณาธิการ
945    ^p420^l0^i16058
945    ^p420^l0^i16059
995    ^aทศพร
999    ^aทศพร เกษรทอง
รายการนี้ยังไม่มีแท็ก
คุณยังไม่ได้ล็อกอิน คุณสามารถมีกิจกรรมร่วมกับเว็บไซต์ได้ แต่ต้องล็อกอินก่อน ::
  ล็อกอิน

รายการสื่อสารสนเทศ

ลำดับที่ ประเภท เลขเรียก/บาร์โค้ด สถานที่ สถานะ
1. วิทยาศาสตร์การแพทย์ และสุขภาพ
วิทยาศาสตร์การแพทย์ และสุขภาพ
WO100 จ225ศ ล.38 ฉ.1 
  Barcode: 16058
ห้องสมุดวิทยาเขตสวรรค์ประชารักษ์
►ส่วนจัดเก็บหนังสือเก่า สปร
บนชั้น
  ขอยืม
2. วิทยาศาสตร์การแพทย์ และสุขภาพ
วิทยาศาสตร์การแพทย์ และสุขภาพ
WO100 จ225ศ ล.38 ฉ.2 
  Barcode: 16059
ห้องสมุดวิทยาเขตสวรรค์ประชารักษ์
►ส่วนจัดเก็บหนังสือเก่า สปร
บนชั้น
  ขอยืม

รายการใกล้เคียง
    หัวเรื่อง [ศัลยศาสตร์]

BibComment


ยังไม่เคยถูกคอมเมนท์

คอมเมนท์ทรัพยากรรายการนี้
  คอมเมนท์: ศัลยศาสตร์วิวัฒน..


 Copyright 2026. Bcnsprnw @Library